000 005980000a22001810004500
003 MACL
005 20160209113754.0
008 160209b xxu||||| |||| 00| 0 eng d
040 _aMACL
_cMACL
041 _aHindi
082 _a150
100 _aमिश्र गिरीश्‍वर
_937388
245 _aसमाज मनोविज्ञान के मूल आधार
260 _bमध्‍यपगदेश हिन्‍दी ग्रन्‍थ कादमी
_c1988
_aभोपाल
350 _a60
650 _aPsychology
_937389
942 _cHIN
_k150
_2ddc
999 _c29830
_d29830